| 000 | 00691cab a2200217 4500 | ||
|---|---|---|---|
| 001 | L136390 | ||
| 008 | 070130n2006 000 0 eng u | ||
| 035 | _a(Sirsi) u136390 | ||
| 041 | 0 | _aeng | |
| 100 | 1 | _aFox, Alasdair | |
| 245 | 0 | 2 | _aA reprieve for landlords? |
| 260 | _c2006 | ||
| 490 | 0 | 0 |
_aJournal of the Law Society of Scotland _v51(12) December 2006, 42(1) |
| 520 | _aExamines recent court decisions relating to grazing leases which are likely to please landlords. | ||
| 650 | 2 | 4 | _aAGRICULTURAL HOLDINGS (SCOTLAND) ACT 2003 |
| 650 | 2 | 4 | _aBELL V INKERSALL INVESTMENTS |
| 650 | 2 | 4 | _aO'DONNELL V MCDONALD |
| 651 | 4 |
_aScotland _y1999- |
|
| 690 | _aRURAL PRACTICE | ||
| 942 | _n0 | ||
| 999 |
_c78266 _d78266 |
||